Podniky v ČR pohledem vybraných ukazatelů s ohledem na jejich vlastnictví

Hodnotenie správania podnikového sektoru v závislosti na vlastníctve kapitálu. Stručná charakteristika duálnej ekonomiky. Sektor nefinančných podnikov. Sledovanie ukazovateľov rentability nefinančných podnikov. Metódy, dáta a ukazovatele. Empirické výsledky.

Salvato in:
Dettagli Bibliografici
Autore principale: Verner, Tomáš
Natura: Capitolo di libro
Lingua:ceco
Soggetti:
Tags: Aggiungi Tag
Nessun Tag, puoi essere il primo ad aggiungerne!!

MARC

LEADER 00000naa$a2200000$$$4500
001 0252666
005 20190328112933.8
041 0 |a cze 
044 |a SK 
245 1 0 |a Podniky v ČR pohledem vybraných ukazatelů s ohledem na jejich vlastnictví  |c Tomáš Verner 
520 |a Hodnotenie správania podnikového sektoru v závislosti na vlastníctve kapitálu. Stručná charakteristika duálnej ekonomiky. Sektor nefinančných podnikov. Sledovanie ukazovateľov rentability nefinančných podnikov. Metódy, dáta a ukazovatele. Empirické výsledky. 
610 2 0 |a rentabilita 
610 2 0 |a Česko 
610 2 0 |a podnik 
610 2 0 |a kapitál 
610 2 0 |a kapitál zahraničný 
610 2 0 |a tržby 
100 1 |a Verner, Tomáš